000 008090000a22001210004500
100 1 _aRíos Marulanda, Claudia Catalina
245 1 0 _aHacia una Comprensión de los Conceptos de Mujer y Feminidad.
300 _anúm.31 (ene-jun, 2011), Pág. 107-120
520 _aAcercarse a los conceptos de mujer y feminidad a fin de facilitar un ejercicio comprensivo de algunos de los fenómenos que acontecen a la mujer en la sociedad actual, específicamente aquellas mujeres cuyas condiciones de vida son desfavorables en todo el sentido al verse marginadas y excluidas del sistema social. El presente artículo profundiza en la función de la mujer al interior de la familia, en su ser como mujer madre y como mujer hija.
650 1 4 _aMUJER
773 0 _tRevista UCO : Universidad Católica de Oriente
942 _cANA
999 _c63554
_d63554